000 00562nam a22001817a 4500
999 _c163191
_d163191
005 20190401151557.0
010 _aENG-124973
020 _c195.00
_a9789352961863
035 _aEN-108505
037 _bDBAD/PUB
082 _a881
100 _aShah, Mamta
245 _aAware and wake:
_cby Mamta Shah
_ba symphony of thoughs that enlighten/
260 _aNew Delhi
_bDiamond Pocket Books (P) Ltd.
_c2018
270 _bNew Delhi
_e110020
_aX-30, Okhla Industrial Area, Phase-II,
300 _a156p.
_c21cm.(pbk)
942 _2ddc
_cEN
_mSHA
_h881